ពាក្យផ្អែមល្ហែម / (Record no. 1640)
[ view plain ]
| 000 -LEADER | |
|---|---|
| fixed length control field | 01468nam a22002897a 4500 |
| 001 - CONTROL NUMBER | |
| control field | 1640 |
| 003 - CONTROL NUMBER IDENTIFIER | |
| control field | FISKH |
| 005 - DATE AND TIME OF LATEST TRANSACTION | |
| control field | 20230912124759.0 |
| 008 - FIXED-LENGTH DATA ELEMENTS--GENERAL INFORMATION | |
| fixed length control field | 230912b cb ||||| |||| 00| 0 khr d |
| 020 ## - INTERNATIONAL STANDARD BOOK NUMBER | |
| International Standard Book Number | 9789924341505 |
| 040 ## - CATALOGING SOURCE | |
| Original cataloging agency | FISKH |
| Language of cataloging | eng |
| Transcribing agency | FISKH |
| Modifying agency | FISKH |
| 082 ## - DEWEY DECIMAL CLASSIFICATION NUMBER | |
| Classification number | 910.92 |
| 100 ## - MAIN ENTRY--PERSONAL NAME | |
| Personal name | Norac, Carl |
| 245 ## - TITLE STATEMENT | |
| Title | ពាក្យផ្អែមល្ហែម / |
| Statement of responsibility, etc. | និពន្ធដោយ ខាល ណូរ៉ាក់ - គូររូបដោយ ក្លូដ ឌុយប័រ - បកប្រែពីភាសាបារាំងដោយ អ៊ូច សូលីដា |
| 260 ## - PUBLICATION, DISTRIBUTION, ETC. | |
| Place of publication, distribution, etc. | Paris : |
| Name of publisher, distributor, etc. | Sipar, |
| Date of publication, distribution, etc. | 2022. |
| 300 ## - PHYSICAL DESCRIPTION | |
| Extent | 27 pages : |
| Other physical details | color illustrations ; |
| Dimensions | 15 × 19 cm |
| 490 ## - SERIES STATEMENT | |
| Series statement | តស់អាន! |
| 505 ## - FORMATTED CONTENTS NOTE | |
| Formatted contents note | J <br/> |
| 520 ## - SUMMARY, ETC. | |
| Summary, etc. | ឡូឡាមានពាក្យផ្អែមល្ហែមពេញក្នុងមាត់ តែនាងគ្មានឳកាសនិយាយសោះ ហើយនាងសម្រេចចិត្តថាលេងនិយាយ។ |
| 520 ## - SUMMARY, ETC. | |
| Summary, etc. | Lola had sweet words in her mouth, but she had no chance to speak and she decided not to speak. |
| 521 8# - TARGET AUDIENCE NOTE | |
| Target audience note | 500<br/> |
| Source | J<br/> |
| 521 8# - TARGET AUDIENCE NOTE | |
| Target audience note | Lexile estimate <br/> |
| Source | Raz-Plus <br/> |
| 650 ## - SUBJECT ADDED ENTRY--TOPICAL TERM | |
| Topical term or geographic name entry element | ពាក្យផ្អែមល្ហែម |
| Form subdivision | គ្មានឳកាស |
| General subdivision | សម្រេចចិត្ត |
| 650 ## - SUBJECT ADDED ENTRY--TOPICAL TERM | |
| Topical term or geographic name entry element | Sweat words |
| Form subdivision | No chance |
| General subdivision | Decided |
| 700 ## - ADDED ENTRY--PERSONAL NAME | |
| Personal name | Dubois, Claude K. |
| Relator term | illustrator |
| 942 ## - ADDED ENTRY ELEMENTS (KOHA) | |
| Source of classification or shelving scheme | Dewey Decimal Classification |
| Koha item type | Khmer Books |
| Suppress in OPAC | No |
| Withdrawn status | Lost status | Source of classification or shelving scheme | Damaged status | Not for loan | Collection | Home library | Current library | Shelving location | Date acquired | Total Checkouts | Full call number | Barcode | Date last seen | Date last checked out | Copy number | Price effective from | Koha item type |
|---|---|---|---|---|---|---|---|---|---|---|---|---|---|---|---|---|---|
| Dewey Decimal Classification | Khmer Language Books / សៀវភៅភាសាខ្មែរ | Footprints International School Library Network Toul Kork Campus | Footprints International School Library Network Toul Kork Campus | TK Campus, Room B402, Khmer Book Case 16, Shelves 112-123 / ទូរសៀវភៅខ្មែរលេខ ១៦ ធ្នើរ ១១២ ដល់ ១២៣ បន្ទប់ B402 សាខាទួលគោក | 09/12/2023 | 2 | NOR 910.92 | 2023-0589 | 11/13/2025 | 08/22/2025 | 1 | 09/12/2023 | Khmer Books | ||||
| Dewey Decimal Classification | Khmer Language Books / សៀវភៅភាសាខ្មែរ | Footprints International School Library Network Toul Kork Campus | Footprints International School Library Network Toul Kork Campus | TK Campus, Room B402, Khmer Book Case 16, Shelves 112-123 / ទូរសៀវភៅខ្មែរលេខ ១៦ ធ្នើរ ១១២ ដល់ ១២៣ បន្ទប់ B402 សាខាទួលគោក | 09/12/2023 | 2 | NOR 910.92 | 2023-0590 | 03/02/2026 | 02/02/2026 | 2 | 09/12/2023 | Khmer Books |
